000 00721nam a22001937a 4500
008 100325s2001 ii|||||r|||| 001 0 eng d
020 _a812241303X
082 _222
_a621.381
_bSIN
100 _913119
_aSingh, B. P.
245 _aMicroelectronic Devices & Circuits/
_cB. P. Singh
260 _aNew Delhi:
_bNew Age International, 2001
_c2001
300 _a338 p.:
_bill.;
_c24 cm.
500 _aIncludes index
650 _913117
_aElectric circuit analysis.
650 _913118
_a Electric circuits, Nonlinear
650 _913116
_aMicroelectronics.
942 _2ddc
_cBB
999 _c13782
_d13782